Online katalóg knižníc regiónu Turca

Dinosaury (Record no. 22723)

MARC details
000 -LEADER
fixed length control field 01799cam a2200577 a 4500
001 - CONTROL NUMBER
control field 22723
003 - CONTROL NUMBER IDENTIFIER
control field SK-KTurca
005 - DATE AND TIME OF LATEST TRANSACTION
control field 20260421153015.0
008 - FIXED-LENGTH DATA ELEMENTS--GENERAL INFORMATION
fixed length control field 240314s2012 xo a a 000 0 slo
015 ## - NATIONAL BIBLIOGRAPHY NUMBER
National bibliography number SNBA2012/06-03333
020 ## - INTERNATIONAL STANDARD BOOK NUMBER
International Standard Book Number 9788055128993
Qualifying information (viaz.)
035 ## - SYSTEM CONTROL NUMBER
System control number C0017EAE-291E-4ED0-8243-973DA7AB10E6
035 ## - SYSTEM CONTROL NUMBER
System control number urn:nbn:sk:snk-amjy1u
035 ## - SYSTEM CONTROL NUMBER
System control number urn:nbn:sk:snk-am007xv0
040 ## - CATALOGING SOURCE
Original cataloging agency SVKBB
Language of cataloging slo
Transcribing agency SVKBB
Modifying agency SNK
Description conventions AACR2
041 1# - LANGUAGE CODE
Language code of text/sound track or separate title slo
Language code of original ger
044 ## - COUNTRY OF PUBLISHING/PRODUCING ENTITY CODE
MARC country code xo
ISO country code SK
072 #7 - SUBJECT CATEGORY CODE
Subject category code 56
Subject category code subdivision Paleontológia
Source konspekt
080 ## - UNIVERSAL DECIMAL CLASSIFICATION NUMBER
Universal Decimal Classification number 568.19
Edition identifier 2001
080 ## - UNIVERSAL DECIMAL CLASSIFICATION NUMBER
Universal Decimal Classification number (0.053.2)
Edition identifier 2001
080 ## - UNIVERSAL DECIMAL CLASSIFICATION NUMBER
Universal Decimal Classification number (084.11)
Edition identifier 2001
080 ## - UNIVERSAL DECIMAL CLASSIFICATION NUMBER
Universal Decimal Classification number (0.025.2)
Edition identifier 2001
100 1# - MAIN ENTRY--PERSONAL NAME
Personal name Hermann, Heike
Relationship aut
240 10 - UNIFORM TITLE
Uniform title Dinosaurier
Language of a work Slovensky
245 10 - TITLE STATEMENT
Title Dinosaury
Statement of responsibility, etc. [text Heike Hermann ; ilustrácie Stefan Lohr ; z nemeckého originálu preložila Silvia Smidová]
250 ## - EDITION STATEMENT
Edition statement 1. vyd.
260 ## - PUBLICATION, DISTRIBUTION, ETC.
Place of publication, distribution, etc. Bratislava
Name of publisher, distributor, etc. Ikar
Date of publication, distribution, etc. 2012
300 ## - PHYSICAL DESCRIPTION
Extent [22] s.
Other physical details fareb. ilustr.
Dimensions 28 cm
490 1# - SERIES STATEMENT
Series statement Bystrá hlavička!
490 1# - SERIES STATEMENT
Series statement Spoznávaj
500 ## - GENERAL NOTE
General note Názov z obalu
500 ## - GENERAL NOTE
General note Kartónové listy s otváracími okienkami
521 1# - TARGET AUDIENCE NOTE
Target audience note Pre dievčatá a chlapcov od 4 rokov
650 07 - SUBJECT ADDED ENTRY--TOPICAL TERM
Topical term or geographic name entry element dinosaury
Source of heading or term SNKPH
650 07 - SUBJECT ADDED ENTRY--TOPICAL TERM
Topical term or geographic name entry element Dinosaurs
Source of heading or term SNKPHeng
655 #7 - INDEX TERM--GENRE/FORM
Genre/form data or focus term publikácie pre deti
Source of term SNKPH
655 #7 - INDEX TERM--GENRE/FORM
Genre/form data or focus term obrazové publikácie
Source of term SNKPH
655 #7 - INDEX TERM--GENRE/FORM
Genre/form data or focus term leporelá
Source of term SNKPH
655 #7 - INDEX TERM--GENRE/FORM
Genre/form data or focus term Children's literature
Source of term SNKPHeng
655 #7 - INDEX TERM--GENRE/FORM
Genre/form data or focus term Pictorial works
Source of term SNKPHeng
655 #7 - INDEX TERM--GENRE/FORM
Genre/form data or focus term Picture books for children
Source of term SNKPHeng
700 1# - ADDED ENTRY--PERSONAL NAME
Personal name Smidová, Silvia,
Dates associated with a name 1947-
Relationship trl
700 1# - ADDED ENTRY--PERSONAL NAME
Personal name Lohr, Stefan
Relationship ill
830 #0 - SERIES ADDED ENTRY--UNIFORM TITLE
Uniform title Bystrá hlavička!
830 #0 - SERIES ADDED ENTRY--UNIFORM TITLE
Uniform title Spoznávaj
942 ## - ADDED ENTRY ELEMENTS (KOHA)
Source of classification or shelving scheme Dewey Decimal Classification
Koha item type Odborná literatúra pre deti
Suppress in OPAC No
980 ## - EQUIVALENCE OR CROSS-REFERENCE-SERIES STATEMENT--PERSONAL NAME/TITLE [LOCAL, CANADA]
Personal name 087.5
980 ## - EQUIVALENCE OR CROSS-REFERENCE-SERIES STATEMENT--PERSONAL NAME/TITLE [LOCAL, CANADA]
Personal name 568.19
980 ## - EQUIVALENCE OR CROSS-REFERENCE-SERIES STATEMENT--PERSONAL NAME/TITLE [LOCAL, CANADA]
Personal name (084.11)
Holdings
Stav vyradenia Strata Poškodenie Spôsob nadobudnutia Domovská knižnica Aktuálna knižnica Dátum nadobudnutia Total checkouts Čiarový kód exemplára Date last seen Typ exemplára
      Dar Obecná knižnica Horná Štubňa Obecná knižnica Horná Štubňa 21.04.2026   9788055128993 21.04.2026 Odborná literatúra pre deti
Projekt je podporený Slovenskou asociáciou knižníc
Prevádzkuje Turčianska knižnica Martin 2026